Las motivaciones del consumo (Registro nro. 2908)
[ vista simple ]
| 000 -LEADER | |
|---|---|
| fixed length control field | 01277 a2200205 4500 |
| 001 - CONTROL NUMBER | |
| control field | 38628 |
| 005 - DATE AND TIME OF LATEST TRANSACTION | |
| control field | 20260407155648.0 |
| 008 - FIXED-LENGTH DATA ELEMENTS--GENERAL INFORMATION | |
| fixed length control field | 260407a1968 arg spa d |
| 003 - CONTROL NUMBER IDENTIFIER | |
| control field | AR-UNSa-BCEJYS |
| 040 ## - CATALOGING SOURCE | |
| Original cataloging agency | AR-UNSa-BCEJYS |
| Language of cataloging | spa |
| Transcribing agency | AR-UNSa-BCEJYS |
| 080 ## - UNIVERSAL DECIMAL CLASSIFICATION NUMBER | |
| Universal Decimal Classification number | 658.818 |
| Common auxiliary subdivision | Servicio a los consumidores. Servicios posventa (Atención al cliente) |
| 100 1# - MAIN ENTRY--PERSONAL NAME | |
| Personal name | Cano de Gorbea, Inés |
| 245 10 - TITLE STATEMENT | |
| Title | Las motivaciones del consumo |
| 264 #1 - PRODUCTION, PUBLICATION, DISTRIBUTION, MANUFACTURE, AND COPYRIGHT NOTICE | |
| Place of production, publication, distribution, manufacture | Buenos Aires : |
| Name of producer, publisher, distributor, manufacturer | Sudamericana |
| Date of production, publication, distribution, manufacture, or copyright notice | 1968 |
| 300 ## - PHYSICAL DESCRIPTION | |
| Extent | 522 p. |
| Dimensions | 20 cm. |
| 505 ## - FORMATTED CONTENTS NOTE | |
| Formatted contents note | 1. La tiranía de las cosas - 2.Ejercitando el paladar: los alimentos y sus motivaciones - 3. Ocultando la denudez: vestimenta - 4. La cueva aterciopelada: refugio - 5. Objetos símbolo del amor: cosmético - 6. Ciencia y magia: las drogas y la salud - 7. Entretenimientos para jóvenes y viejos: juguetes y deportes - 8. Desplazándose: Transportes - 9. Lazos sociales: medios de comunicación, flores y otros vinculos - 10. Por puro gusto: licores, cigarrillos y otros placeres - 11. El orden oculto de las cosas: la estructura de nuestro mundo - 12. Puentes hacia la mente: mecanismos motivacionales - 13. Objetos de orden mas elevado: arte, libros y otros valores. |
| 590 ## - LOCAL NOTE (RLIN) | |
| Local note | niveau_biblio:m niveau_hierar:0 |
| 700 1# - ADDED ENTRY--PERSONAL NAME | |
| Personal name | Dichter, Ernest |
| 942 ## - ADDED ENTRY ELEMENTS (KOHA) | |
| Koha item type | |
| Withdrawn status | Lost status | Damaged status | Not for loan | Home library | Current library | Shelving location | Date acquired | Total checkouts | Full call number | Barcode | Date last seen | Price effective from | Koha item type |
|---|---|---|---|---|---|---|---|---|---|---|---|---|---|
| Biblioteca Prof. Eusebio Cleto del Rey | Biblioteca Prof. Eusebio Cleto del Rey | 07/04/2026 | 658.818 D545 | L23868 | 07/04/2026 | 07/04/2026 | Libro |